Hard Geography Knowledge Quiz - Statistics

General Stats
  • This quiz has been taken 56 times
  • The average score is 12 of 15
Answer Stats
Hint Answer % Correct
What is the largest island in the Caribbean? Cuba
98%
Which country does Gibraltar (UK territory) border? Spain
94%
The Hispaniola island is divided by two countries, name one of them Haiti | Dominican Republic
92%
Which country is known as the "teardrop of India"? Sri Lanka
92%
Which country gained its independance in 1993, making Ethiopia a landlocked country? Eritrea
88%
What country has the most pyramids in the world? Sudan
88%
What city was formely known as New Amsterdam? New York City
86%
What is the second largest country in Oceania? Papua New Guinea
86%
What is the only landlocked country in the Indochina peninsula? Laos
84%
what is the only Asian country that the equator passes through (not including territorial seas)? Indonesia
82%
Name one of the only two North American countries that the Tropic of Cancer passes through Mexico | The Bahamas
78%
Its capital is Ouagadougou Burkina Faso
76%
What is Seychelles' capital city? Victoria
66%
Which country has changed its flag over 30 times during the last century? Afghanistan
48%
What is the only country that ends with the letter K? Denmark
44%
No matching quizzes found
Score Distribution
Percent of People with Each Score
Percentile by Number Answered
Your Score History
You have not taken this quiz